Aktivity medzinárodných osobných leteckých dopravcov v oblasti enviromentálnej udržateľnosti
Negatívne vplyvy leteckého priemyslu na životné prostredie. Charakteristika aktivít najväčších európskych leteckých prepravcov v oblasti enviromentálnej politiky a vyhodnotenie najefektívnejších a zároveň enviromentálne najzodpovednejších dopravcov podľa sledovaného kritéria.
Salvato in:
| Autore principale: | |
|---|---|
| Natura: | Capitolo di libro |
| Lingua: | slovacco |
| Soggetti: | |
| Tags: |
Nessun Tag, puoi essere il primo ad aggiungerne!!
|
MARC
| LEADER | 00000naa a2200000 4500 | ||
|---|---|---|---|
| 001 | 0260846 | ||
| 005 | 20240502074133.7 | ||
| 041 | 0 | |a slo | |
| 044 | |a SK | ||
| 245 | 1 | 0 | |a Aktivity medzinárodných osobných leteckých dopravcov v oblasti enviromentálnej udržateľnosti |
| 520 | |a Negatívne vplyvy leteckého priemyslu na životné prostredie. Charakteristika aktivít najväčších európskych leteckých prepravcov v oblasti enviromentálnej politiky a vyhodnotenie najefektívnejších a zároveň enviromentálne najzodpovednejších dopravcov podľa sledovaného kritéria. | ||
| 610 | 2 | 0 | |a priemysel letecký |
| 610 | 2 | 0 | |a doprava letecká |
| 610 | 2 | 0 | |a prostredie životné |
| 610 | 2 | 0 | |a emisie |
| 610 | 2 | 0 | |a environmentalistika |
| 610 | 2 | 0 | |a politika environmentálna |
| 100 | 1 | |a Frasch, Alexander, 1992- | |